|
|
|
|
| LEADER |
00000nam0a2200000 4500 |
| 001 |
362472 |
| 005 |
20231102011507.0 |
| 035 |
|
|
|a (RuTPU)RU\TPU\retro\19818
|
| 090 |
|
|
|a 362472
|
| 100 |
|
|
|a 20210727d1981 km y0rusy50 ca
|
| 101 |
0 |
|
|a rus
|
| 102 |
|
|
|a RU
|
| 105 |
|
|
|a y z 001zy
|
| 200 |
1 |
|
|a Живое слово науки. Очерки об ученых-лекторах
|f сост. Н. Н. Митрофанов
|
| 210 |
|
|
|a Москва
|c Знание
|d 1981
|
| 215 |
|
|
|a 224 с.
|
| 320 |
|
|
|a Библиогр.: с. 222-223
|
| 606 |
1 |
|
|a Учёные
|y СССР
|y Россия
|2 stltpush
|3 (RuTPU)RU\TPU\subj\63499
|9 80523
|
| 606 |
1 |
|
|a Лекционная работа
|2 stltpush
|3 (RuTPU)RU\TPU\subj\66408
|9 82555
|
| 610 |
1 |
|
|a лекторское красноречие
|
| 610 |
1 |
|
|a лекторское мастерство
|
| 610 |
1 |
|
|a лекторы
|
| 610 |
1 |
|
|a очерки
|
| 610 |
1 |
|
|a воспоминания
|
| 610 |
1 |
|
|a архивные документы
|
| 610 |
1 |
|
|a публичные выступления
|
| 610 |
1 |
|
|a популяризация науки
|
| 686 |
|
|
|a Ч216(2)
|v LBC/SL-A
|2 rubbk
|
| 686 |
|
|
|a Ч711.211
|v LBC/SL-A
|2 rubbk
|
| 702 |
|
1 |
|a Митрофанов
|b Н. Н.
|4 220
|
| 801 |
|
1 |
|a RU
|b 63413507
|c 20210727
|
| 942 |
|
|
|c BK
|